Integração das ferramentas da qualidade ao PDCA e ao Programa Seis Sigma / (Record no. 1204)

MARC details
000 -LÍDER
Campo Fixo de Controle 00866nam a2200277 a 4500
001 - NÚMERO DE CONTROLE
Campo de Controle 1204
003 - IDENTIFICAÇÃO DO NÚMERO DE CONTROLE
Campo de Controle BR-CuiBMT
005 - DATA E HORA DA ÚLTIMA ATUALIZAÇÃO
Campo de Controle 20231212222955.0
008 - DADOS FIXOS
Dados Fixos 231102s2006 mgba 000 0 por d
020 ## - INTERNATIONAL STANDARD BOOK NUMBER
Nº do ISBN 8598254274
040 ## - AGÊNCIA CATALOGADORA
Código da Agência Catalogadora BR-CuiBMT
Agência que transcreveu o registro BR-CuiBMT
080 ## - Nº DA CLASSIFICAÇÃO DECIMAL UNIVERSAL
Nº Class. CDU 658.56
Nº edição CDU 2007
090 ## - NÚMERO DE CHAMADA
Nº classificação 658.56
Cutter A282i
100 1# - ENTRADA PRINCIPAL -- AUTOR PESSOAL
Nome pessoal Aguiar, Silvio
245 10 - TÍTULO PRINCIPAL
Título principal Integração das ferramentas da qualidade ao PDCA e ao Programa Seis Sigma /
Indicação de responsabilidade Silvio Aguiar.
260 ## - PUBLICAÇÃO, DISTRIBUIÇÃO, ETC.
Local de publicação Nova Lima, MG :
Editora INDG,
Data 2006.
300 ## - DESCRIÇÃO FÍSICA
N. páginas ou volumes 231 p. :
Ilustrações il. color. ;
Dimensões 24 cm +
Material adicional 3 cartazes
490 1# - INDICAÇÃO DE SÉRIE
Título da série Série ferramentas da qualidade ;
Volume/designação sequencial da série v. 1
504 ## - NOTA DE BIBLIOGRAFIA, ETC.
Nota de bibliografia Inclui bibliografia.
650 ## - ASSUNTO TÓPICO
Cabeçalho tópico ou nome geográfico Estratégia empresarial
650 ## - ASSUNTO TÓPICO
Cabeçalho tópico ou nome geográfico Controle de qualidade
650 ## - ASSUNTO TÓPICO
Cabeçalho tópico ou nome geográfico Gerenciamento
Subdivisão geral Métodos
650 ## - ASSUNTO TÓPICO
Cabeçalho tópico ou nome geográfico Ferramentas de qualidade
830 #0 - ENTRADA SECUNDÁRIA DE SÉRIE -- TÍTULO UNIFORME
Título uniforme Ferramentas da qualidade ;
Nº do volume/designação sequencial da série 1
942 ## - ELEMENTOS DE ENTRADA ADICIONAIS (KOHA)
Fonte de classificação ou esquema de arquivamento Classificação Decimal Universal
Tipo de item do Koha Livros
Holdings
Estado: removido Estado: perdido Fonte de classificação ou esquema de arquivamento Estado: danificado Indisponível para empréstimo Localização permanente Localização atual Data de aquisição Total Checkouts Número de Chamada completo Código de barras Date last seen Número do exemplar Preço efetivo a partir de Tipo de item (Koha) Especificação Nota pública
    Classificação Decimal Universal     Biblioteca da Escola Superior de Contas do TCE/MT Biblioteca da Escola Superior de Contas do TCE/MT 02/04/2013   658.56 A282i BIBTCEMT23120005 01/12/2023 Ex. 1 01/12/2023 Livros    
    Classificação Decimal Universal     Biblioteca da Escola Superior de Contas do TCE/MT Biblioteca da Escola Superior de Contas do TCE/MT 12/12/2023   658.56 A282i BIBTCEMT23120425 12/12/2023 Ex. 1 12/12/2023 Cartaz Material adicional (3 cartazes) do Ex. 1 do livro Cartaz

Powered by Koha